000 00370nam a2200157Ia 4500
008 210716s1990 xx 000 0 und d
020 _a133075702
041 _aeng
082 _a005.134 MCCR
100 _aMcclure, Rhyder; Stark, Paul.
245 _aFast access dbase iv.
250 _a1
260 _aNew York
_bBrady
_c1990
300 _axvi,328
650 _aNone
999 _c183115
_d183115